[Event "San Sebastian de los Reyes op 19th"]
[Site "San Sebastian"]
[Date "2017.12.07"]
[Round "6"]
[White "Hernando Pertierra, Jose Carlos"]
[Black "Perez Gonzalez, Jose Manuel"]
[Result "1-0"]
[WhiteElo "2355"]
[BlackElo "2226"]
[PlyCount "75"]
[EventDate "2017.12.02"]
[EventType "swiss"]
[EventRounds "9"]
[EventCountry "ESP"]
[SourceTitle "CBM 182 Extra"]
[Source "ChessBase"]
[SourceDate "2018.02.23"]
[SourceVersion "1"]
[SourceVersionDate "2018.02.23"]
[SourceQuality "1"]

1. Nf3 g6 2. d4 Bg7 3. g3 Nf6 4. Bg2 0-0 5. 0-0 d6 6. b3 c5 7. c4 Nc6 8. Bb2 cxd4 9. Nxd4 Qb6 10. e3 a5 11. Nc3 a4 12. Ndb5 axb3 13. axb3 Bg4 14. Qc2 Rfc8 15. h3 Be6 16. Na4 Qd8 17. Bc3 Nd7 18. Bxg7 Kxg7 19. f4 Nc5 20. Nxc5 dxc5 21. g4 Rxa1 22. Rxa1 f6 23. Kh2 Nb4 24. Qe4 Bd7 25. Rd1 Qe8 26. Qxb7 Bxb5 27. cxb5 Kf8 28. b6 Rb8 29. Qa7 Nc2 30. b7 Nxe3 31. Ra1 Kg7 32. Bf3 Nc2 33. Rc1 Nd4 34. Bd5 e6 35. Bg2 Nxb3 36. Rc3 Nd4 37. Rxc5 Qd8 38. Rc8 1-0

[Event "Collado Villalba op-A 34th"]
[Site "Collado Villalba"]
[Date "2017.08.30"]
[Round "9"]
[White "Longa Yauca, Javier"]
[Black "Hernando Pertierra, Jose Carlos"]
[Result "0-1"]
[WhiteElo "2261"]
[BlackElo "2348"]
[PlyCount "90"]
[EventDate "2017.08.22"]
[EventType "swiss"]
[EventRounds "9"]
[EventCountry "ESP"]
[SourceTitle "CBM 180 Extra"]
[Source "ChessBase"]
[SourceDate "2017.10.06"]
[SourceVersion "1"]
[SourceVersionDate "2017.10.06"]
[SourceQuality "1"]

1. d4 Nf6 2. Nf3 b6 3. g3 e6 4. Bg2 Bb7 5. Bg5 c5 6. c3 Be7 7. 0-0 0-0 8. a4 Nc6 9. Nbd2 d5 10. e3 h6 11. Bxf6 Bxf6 12. Re1 Rb8 13. Qc2 Be7 14. Rad1 Qc7 15. Qb1 Rfd8 16. Qa2 Bf6 17. Nb3 Be7 18. Bf1 a5 19. Nbd2 g5 20. Nb1 g4 21. Nfd2 e5 22. Na3 cxd4 23. exd4 e4 24. Be2 Qd7 25. Nf1 f5 26. Nc2 Kg7 27. Nce3 Qe6 28. Ng2 Bd6 29. Nfe3 Ne7 30. b3 h5 31. c4 Qf6 32. cxd5 Bxd5 33. Nxd5 Nxd5 34. Rc1 Rbc8 35. Bc4 Nb4 36. Qe2 Nc6 37. Red1 Nxd4 38. Qe3 Nf3+ 39. Kh1 h4 40. Nf4 Bxf4 41. gxf4 Rxd1+ 42. Rxd1 Rd8 43. Rc1 Qd4 44. Be2 Qxe3 45. fxe3 Rd2 0-1

[Event "Collado Villalba op-A 34th"]
[Site "Collado Villalba"]
[Date "2017.08.28"]
[Round "7"]
[White "Hernando Pertierra, Jose Carlos"]
[Black "Moreno Ruiz, Javier"]
[Result "1/2-1/2"]
[WhiteElo "2348"]
[BlackElo "2460"]
[PlyCount "73"]
[EventDate "2017.08.22"]
[EventType "swiss"]
[EventRounds "9"]
[EventCountry "ESP"]
[SourceTitle "CBM 180 Extra"]
[Source "ChessBase"]
[SourceDate "2017.10.06"]
[SourceVersion "1"]
[SourceVersionDate "2017.10.06"]
[SourceQuality "1"]

1. d4 Nf6 2. Nf3 g6 3. Bf4 Bg7 4. Nc3 d5 5. Nb5 Na6 6. c3 c6 7. Na3 0-0 8. e3 Nc7 9. Be2 Ne6 10. Be5 c5 11. 0-0 a6 12. c4 dxc4 13. dxc5 Nxc5 14. Nxc4 Be6 15. Qxd8 Raxd8 16. Nd4 Bxc4 17. Bxc4 Nfe4 18. Bxg7 Kxg7 19. Rfc1 e5 20. Nf3 f6 21. Rc2 a5 22. g4 Rd6 23. Rac1 Rfd8 24. Be2 b6 25. Kg2 g5 26. h4 h6 27. hxg5 hxg5 28. a3 a4 29. Bb5 Nd2 30. Re1 Nxf3 31. Kxf3 Rh8 32. Kg3 Rh4 33. Bf1 Ne4+ 34. Kf3 Nd2+ 35. Kg3 Ne4+ 36. Kf3 Nd2+ 37. Kg3 1/2-1/2

[Event "San Sebastian de los Reyes op 18th"]
[Site "San Sebastian"]
[Date "2016.12.08"]
[Round "6"]
[White "Hernando Pertierra, Jose Carlos"]
[Black "Torres Bosch, Jose Francisco"]
[Result "1/2-1/2"]
[WhiteElo "2362"]
[BlackElo "2142"]
[PlyCount "122"]
[EventDate "2016.12.03"]
[EventType "swiss"]
[EventRounds "9"]
[EventCountry "ESP"]
[SourceTitle "CBM 176 Extra"]
[Source "ChessBase"]
[SourceDate "2017.03.02"]
[SourceVersion "1"]
[SourceVersionDate "2017.03.02"]
[SourceQuality "1"]

1. Nf3 Nf6 2. g3 g6 3. Bg2 Bg7 4. 0-0 0-0 5. b3 c6 6. Bb2 a5 7. a3 d5 8. d3 Nbd7 9. Nbd2 Re8 10. e4 e5 11. Re1 dxe4 12. dxe4 Qc7 13. a4 b6 14. Bf1 Nc5 15. Ba3 Bf8 16. Bc4 Bg4 17. c3 Rad8 18. Qc2 h6 19. b4 Nb7 20. Nh4 Qd7 21. Ra2 Kg7 22. Ng2 b5 23. Bb3 c5 24. bxc5 Bxc5 25. Bc1 b4 26. Ne3 h5 27. Nd5 Nxd5 28. Bxd5 bxc3 29. Qxc3 Bd4 30. Qc6 Nc5 31. Qxd7 Bxd7 32. Nb3 Nxb3 33. Bxb3 Rb8 34. Bd5 Bc3 35. Re3 Rec8 36. Rf3 f6 37. Kg2 Rb1 38. Rc2 Bd4 39. Rxc8 Bxc8 40. Bd2 Ba6 41. Rb3 Rxb3 42. Bxb3 Bb6 43. f4 Bb7 44. Kf3 f5 45. fxe5 Bxe4+ 46. Kf4 Bd8 47. h4 g5+ 48. hxg5 Kg6 49. Ke3 Bxg5+ 50. Ke2 Bd8 51. Be3 h4 52. gxh4 Bxh4 53. Bb6 f4 54. e6 f3+ 55. Kf1 Bd3+ 56. Kg1 Be7 57. Kf2 Be2 58. Bd5 Kf5 59. Bxf3 Bxf3 60. Kxf3 Kxe6 61. Ke4 Bb4 1/2-1/2

[Event "Collado Villalba 64 op 4th"]
[Site "Collado Villalba"]
[Date "2016.07.21"]
[Round "5.2"]
[White "Romero Jaime, Pedro"]
[Black "Hernando Pertierra, Jose Carlos"]
[Result "0-1"]
[WhiteElo "1563"]
[BlackElo "2371"]
[PlyCount "138"]
[EventDate "2016.07.17"]
[EventType "swiss"]
[EventRounds "9"]
[EventCountry "ESP"]
[SourceTitle "EXT 2017"]
[Source "ChessBase"]
[SourceDate "2016.10.25"]
[SourceVersion "1"]
[SourceVersionDate "2016.10.25"]
[SourceQuality "1"]

1. d4 Nf6 2. c4 e6 3. Nf3 b6 4. g3 Bb7 5. Bg2 Bb4+ 6. Nbd2 0-0 7. 0-0 a5 8. a3 Be7 9. Qc2 c5 10. e4 d6 11. b3 Nfd7 12. Bb2 Qc7 13. Rfe1 Na6 14. Rad1 a4 15. e5 dxe5 16. dxe5 axb3 17. Nxb3 Bc6 18. Bc1 Rfd8 19. Bg5 Nf8 20. Bxe7 Qxe7 21. Qb2 Qb7 22. Qc3 Nc7 23. Nbd2 Ra4 24. Qb3 Qa6 25. Rb1 Rb8 26. Re3 Nd7 27. Qd3 Ra8 28. Ng5 Bxg2 29. Qxh7+ Kf8 30. Qh8+ Ke7 31. Qxg7 Rf8 32. Kxg2 Rxa3 33. Rbb3 Qa8+ 34. Rf3 Rxb3 35. Nxb3 Ne8 36. Qh7 Nxe5 37. Qh4 Nxf3 38. Nxf3+ Nf6 39. Nbd2 Rh8 40. Qg5 Rh5 41. Qf4 Qc6 42. Kg1 Rf5 43. Qe3 Qd6 44. Nh4 Re5 45. Qh6 Ng4 46. Ng6+ fxg6 47. Qg7+ Kd8 48. Qh8+ Kc7 49. Nf3 Qd1+ 50. Kg2 Ne3+ 51. fxe3 Qe2+ 52. Kg1 Qxe3+ 53. Kg2 Qe2+ 54. Kg1 Qd1+ 55. Kg2 Re2+ 56. Kh3 Qf1+ 57. Kg4 Re4+ 58. Kg5 Qxf3 59. Qg7+ Kc6 60. Qg8 Re5+ 61. Kh6 Rh5+ 62. Kg7 Kb7 63. Qxe6 Qc6 64. Qe2 Qd7+ 65. Kf6 Rf5+ 66. Kxg6 Qf7+ 67. Kh6 Rf6+ 68. Kg5 Qg6+ 69. Kh4 Qh7+ 0-1

[Event "San Sebastian de los Reyes op 17th"]
[Site "San Sebastian"]
[Date "2015.12.03"]
[Round "4"]
[White "Marin Aso, Jose Luis"]
[Black "Hernando Pertierra, Jose Carlos"]
[Result "0-1"]
[WhiteElo "1775"]
[BlackElo "2374"]
[PlyCount "44"]
[EventDate "2015.11.30"]
[EventType "swiss"]
[EventRounds "9"]
[EventCountry "ESP"]
[SourceTitle "CBM 170 Extra"]
[Source "ChessBase"]
[SourceDate "2016.02.25"]
[SourceVersion "1"]
[SourceVersionDate "2016.02.25"]
[SourceQuality "1"]

1. e4 g6 2. d4 Bg7 3. Nc3 c6 4. Nf3 d5 5. e5 Bg4 6. Bd3 e6 7. Bf4 Qb6 8. Na4 Qa5+ 9. c3 Bxf3 10. gxf3 Nd7 11. b4 Qc7 12. Qd2 a5 13. b5 Ne7 14. Rb1 0-0 15. h4 h5 16. Rg1 cxb5 17. Rxb5 Qc6 18. Nc5 Nf5 19. Nxd7 Nxh4 20. Ke2 Qxd7 21. Rgb1 Ra7 22. Bg5 Nf5 0-1

[Event "Collado Villalba op-A 32nd"]
[Site "Collado Villalba"]
[Date "2015.08.27"]
[Round "6"]
[White "Hernando Pertierra, Jose Carlos"]
[Black "Elissalt Cardenas, Hector"]
[Result "1/2-1/2"]
[WhiteElo "2385"]
[BlackElo "2350"]
[PlyCount "63"]
[EventDate "2015.08.22"]
[EventType "swiss"]
[EventRounds "9"]
[EventCountry "ESP"]
[SourceTitle "EXT 2016"]
[Source "ChessBase"]
[SourceDate "2015.10.08"]
[SourceVersion "1"]
[SourceVersionDate "2015.10.08"]
[SourceQuality "1"]

1. d4 Nf6 2. c4 e6 3. e3 b6 4. Nc3 Bb7 5. Nf3 Bb4 6. Bd2 0-0 7. Bd3 Bxc3 8. Bxc3 Ne4 9. Bxe4 Bxe4 10. d5 f6 11. Nd2 Bg6 12. 0-0 c5 13. e4 e5 14. b4 cxb4 15. Bxb4 d6 16. Qa4 Rf7 17. f4 exf4 18. Rxf4 a5 19. Ba3 Na6 20. Rb1 Nc5 21. Bxc5 dxc5 22. Qc6 Rb8 23. Qe6 Kh8 24. Rb3 Re7 25. Qg4 Qd6 26. h4 a4 27. Re3 Rbe8 28. Qg3 Qd7 29. Qh3 Qd6 30. Qg3 Qd7 31. Qh3 Qd6 32. Qg3 1/2-1/2

[Event "Villalba op 3rd"]
[Site "Villalba"]
[Date "2015.08.15"]
[Round "7"]
[White "Martinez Reyes, Pedro Ramon"]
[Black "Hernando Pertierra, Jose Carlos"]
[Result "0-1"]
[WhiteElo "2349"]
[BlackElo "2385"]
[PlyCount "56"]
[EventDate "2015.08.09"]
[EventType "swiss"]
[EventRounds "9"]
[EventCountry "ESP"]
[SourceTitle "EXT 2024"]
[Source "ChessBase"]
[SourceDate "2023.10.10"]
[SourceVersion "1"]
[SourceVersionDate "2023.10.10"]
[SourceQuality "1"]

1. Nf3 g6 2. g3 d5 3. Bg2 Bg7 4. d4 Nf6 5. 0-0 0-0 6. c4 c6 7. cxd5 cxd5 8. Ne5 Nc6 9. Nxc6 bxc6 10. Nc3 e5 11. dxe5 Ng4 12. Na4 Nxe5 13. Be3 Re8 14. Bd4 Bd7 15. Rc1 h5 16. h3 h4 17. b3 hxg3 18. fxg3 Bf5 19. Nc5 Nd3 20. exd3 Bxd4+ 21. Kh2 Qd6 22. b4 Re3 23. Rf3 Rae8 24. Nb3 Qxb4 25. Rf4 c5 26. Rxf5 gxf5 27. Qh5 Qb6 28. Bxd5 Re2+ 0-1

[Event "Villalba op 3rd"]
[Site "Villalba"]
[Date "2015.08.13"]
[Round "5"]
[White "Zhou, Lulu"]
[Black "Hernando Pertierra, Jose Carlos"]
[Result "0-1"]
[WhiteElo "1439"]
[BlackElo "2385"]
[PlyCount "56"]
[EventDate "2015.08.09"]
[EventType "swiss"]
[EventRounds "9"]
[EventCountry "ESP"]
[SourceTitle "EXT 2024"]
[Source "ChessBase"]
[SourceDate "2023.10.10"]
[SourceVersion "1"]
[SourceVersionDate "2023.10.10"]
[SourceQuality "1"]

1. e4 g6 2. d4 Bg7 3. Nf3 c6 4. e5 d6 5. exd6 exd6 6. Nc3 Ne7 7. Bd3 0-0 8. 0-0 Bg4 9. Be3 Nf5 10. h3 Bxf3 11. Qxf3 Nxd4 12. Qd1 Ne6 13. Ne2 Nd7 14. c3 Ne5 15. Nd4 Nxd3 16. Qxd3 Nxd4 17. Bxd4 Re8 18. Bxg7 Kxg7 19. Rfd1 Qf6 20. Qd4 Qxd4 21. Rxd4 Re2 22. Rb1 d5 23. Kf1 Rae8 24. c4 dxc4 25. Rxc4 Rd2 26. Rf4 Ree2 27. a3 Rxb2 28. Rxb2 Rxb2 0-1

[Event "San Sebastian de los Reyes op 16th"]
[Site "San Sebastian"]
[Date "2014.12.05"]
[Round "6"]
[White "Valles Moreno, Ivan"]
[Black "Hernando Pertierra, Jose Carlos"]
[Result "1-0"]
[WhiteElo "2391"]
[BlackElo "2382"]
[PlyCount "79"]
[EventDate "2014.11.30"]
[EventType "swiss"]
[EventRounds "9"]
[EventCountry "ESP"]
[SourceTitle "CBM 163 Extra"]
[Source "ChessBase"]
[SourceDate "2014.12.23"]
[SourceVersion "1"]
[SourceVersionDate "2014.12.23"]
[SourceQuality "1"]

1. e4 c6 2. d4 d5 3. e5 Bf5 4. Nf3 e6 5. Be2 c5 6. Be3 Ne7 7. dxc5 Nec6 8. c4 Be4 9. cxd5 exd5 10. Nc3 Bxf3 11. Bxf3 d4 12. Bxd4 Nxd4 13. Bxb7 Nbc6 14. Qa4 Rc8 15. 0-0-0 Bxc5 16. Bxc6+ Rxc6 17. Rxd4 Qc8 18. Rc4 0-0 19. Nd5 Re8 20. f4 Qe6 21. Rd1 Rec8 22. Kb1 h5 23. Qc2 Bf8 24. Rxc6 Rxc6 25. f5 Qc8 26. Qe4 Rc4 27. Qd3 Rg4 28. Ne3 Rb4 29. Nd5 Rg4 30. g3 Qb8 31. e6 fxe6 32. fxe6 Qe5 33. Nf4 h4 34. Qd5 Qxd5 35. Rxd5 hxg3 36. hxg3 Be7 37. Rd7 Bg5 38. Nh5 Kh7 39. Nxg7 Kg6 40. e7 1-0

[Event "San Sebastian de los Reyes op 16th"]
[Site "San Sebastian"]
[Date "2014.12.02"]
[Round "3"]
[White "Lopez de Turiso, Jose Angel"]
[Black "Hernando Pertierra, Jose Carlos"]
[Result "0-1"]
[WhiteElo "2090"]
[BlackElo "2382"]
[PlyCount "62"]
[EventDate "2014.11.30"]
[EventType "swiss"]
[EventRounds "9"]
[EventCountry "ESP"]
[SourceTitle "CBM 163 Extra"]
[Source "ChessBase"]
[SourceDate "2014.12.23"]
[SourceVersion "1"]
[SourceVersionDate "2014.12.23"]
[SourceQuality "1"]

1. e4 g6 2. Nc3 Bg7 3. h4 h5 4. Bc4 Nc6 5. a3 d6 6. d3 Nf6 7. Bg5 Nd4 8. Nge2 Nxe2 9. Qxe2 c6 10. Rd1 0-0 11. Bb3 d5 12. e5 Ng4 13. Bf4 a5 14. d4 Nh6 15. Qd2 Kh7 16. Ne2 a4 17. Ba2 f6 18. exf6 exf6 19. c3 Re8 20. Kf1 Nf5 21. Bb1 b6 22. Bd3 Ba6 23. Bxa6 Rxa6 24. Ng3 Nxg3+ 25. Bxg3 Ra7 26. Bf4 Rae7 27. Rh3 Qc8 28. Re3 Qg4 29. Rxe7 Rxe7 30. g3 Qf3 31. Be3 Rxe3 0-1